HPLC of biological macromolecules (Record no. 42139)

MARC details
000 -LEADER
fixed length control field 00374nam a2200145Ia 4500
020 ## - INTERNATIONAL STANDARD BOOK NUMBER
ISBN 082470665X
082 ## - DEWEY DECIMAL CLASSIFICATION NUMBER
Classification number 543.544.5.068.7
Item number GOO
245 #0 - TITLE STATEMENT
Title HPLC of biological macromolecules
250 ## - EDITION STATEMENT
Edition statement Ed.2
260 ## - PUBLICATION, DISTRIBUTION, ETC. (IMPRINT)
Place of publication New York
Name of publisher Marcel Dekker
Year of publication 2002
700 ## - ADDED ENTRY--PERSONAL NAME
Personal name Gooding, Karen M
700 ## - ADDED ENTRY--PERSONAL NAME
Personal name Regnier, Fred E
942 ## - ADDED ENTRY ELEMENTS (KOHA)
Koha item type Books
Holdings
Withdrawn status Lost status Damaged status Not for loan Home library Current library Date acquired Cost, normal purchase price Full call number Accession Number Koha item type
        RRII Library RRII Library 16/12/2021 195.00 543.544.5.068.7 GOO 22416 Books